An Illustrated catalogue of chairs, sofas and settees on view in the showroom of Maple and Co. Ltd, Tottenham Court Road W. (Record no. 5293)

MARC details
000 -CABECERA
campo de control de longitud fija 00657nam a2200217 a 4500
001 - NÚMERO DE CONTROL
campo de control BRCA_5599
005 - FECHA Y HORA DE LA ÚLTIMA TRANSACCIÓN
campo de control 20190320205140.0
008 - DATOS DE LONGITUD FIJA--INFORMACIÓN GENERAL
campo de control de longitud fija 210211s19uu----enka######---#000-0#eng-#
041 ## - CÓDIGO DE LENGUA
Código de lengua del texto/banda sonora o título independiente eng
044 ## - CÓDIGO DEL PAÍS DE LA ENTIDAD EDITORA/PRODUCTORA
Código MARC del país enk
050 #4 - SIGNATURA TOPOGRÁFICA DE LA BIBLIOTECA DEL CONGRESO
Número de clasificación NK2715
Número de documento/Ítem .I45 19--
245 10 - MENCIÓN DE TÍTULO
Título An Illustrated catalogue of chairs, sofas and settees on view in the showroom of Maple and Co. Ltd, Tottenham Court Road W.
260 ## - PUBLICACIÓN, DISTRIBUCIÓN, ETC.
Lugar de publicación, distribución, etc. Londres
Nombre del editor, distribuidor, etc. Maple
Fecha de publicación, distribución, etc. [19-?]
300 ## - DESCRIPCIÓN FÍSICA
Extensión 185 p.
Otras características físicas il.
Dimensiones 27 cm.
500 ## - NOTA GENERAL
Nota general Incluye índice de fotografías
500 ## - NOTA GENERAL
Nota general F76
650 14 - PUNTO DE ACCESO ADICIONAL DE MATERIA--TÉRMINO DE MATERIA
Término de materia o nombre geográfico como elemento de entrada Sillas
Subdivisión de forma Catálogos
9 (RLIN) 14273
650 14 - PUNTO DE ACCESO ADICIONAL DE MATERIA--TÉRMINO DE MATERIA
Término de materia o nombre geográfico como elemento de entrada Muebles
Subdivisión de forma Catálogos
Subdivisión geográfica Gran Bretaña
9 (RLIN) 14274
902 ## - CATALOGADOR
Iniciales GFM
942 ## - ELEMENTOS DE PUNTO DE ACCESO ADICIONAL (KOHA)
Fuente del sistema de clasificación o colocación Library of Congress Classification
Tipo de ítem Koha Libros
Holdings
Estado de retiro Estado de pérdida Estado dañado No para préstamo Localización permanente Ubicación/localización actual Fecha de adquisición Número de inventario Total de préstamos Signatura topográfica completa Código de barras Fecha visto por última vez Precio válido a partir de Tipo de ítem Koha
El ejemplar forma parte de la colección y puede ser consultado según las políticas vigentes.       Biblioteca del Museo Franz Mayer (Rogerio Casas-Alatriste) Biblioteca del Museo Franz Mayer (Rogerio Casas-Alatriste) 14/02/2011 F76   NK2715 .I45 19-- (F76) 6035 22/03/2019 22/03/2019 Libros